[Event "BL 2016-17"]
[Site "Germany"]
[Date "2017.02.18"]
[Round "7"]
[White "Kindermann, Stefan"]
[Black "Bluebaum, Matthias"]
[Result "1/2-1/2"]
[WhiteElo "2505"]
[BlackElo "2632"]
[Annotator "TA"]
[PlyCount "53"]
[EventDate "2017.??.??"]
[EventType "team-tourn"]
[EventCountry "GER"]
[SourceTitle "playchess.com"]
[Source "ChessBase"]
[SourceQuality "1"]
[WhiteTeam "Zugzwang München"]
[BlackTeam "Werder Bremen"]

{[%evp 12,53,0,0,0,0,14,12,25,-12,0,-4,2,-8,0,-12,0,0,15,0,9,11,12,4,0,0,0,0,31,20,22,0,0,0,-2,0,0,0,0,0,0,0,0,0]} 1. d4 d5 2. Bf4 Nf6 3. e3 {??.} c5 4. c3 Nc6 5. Nd2 Bf5 6. Ngf3 e6 7. Qa4 Qb6 8. Bb5 a6 9. Bxc6+ bxc6 10. dxc5 Bxc5 ({Of course not} 10... Qxc5 11. Nd4 $14) 11. Nd4 O-O 12. Nxf5 exf5 13. Nb3 Ne4 {Threatening ...g5.} 14. O-O Bd6 15. Qd4 Rab8 16. Bxd6 Nxd6 17. Rab1 Rfe8 18. Rfd1 Nc4 19. h3 a5 20. Nc5 Qa7 {The position is equal.} 21. Nd3 Qc7 $1 {[#] aiming for ...Re4.} 22. Qf4 Qxf4 23. exf4 ({Much worse is} 23. Nxf4 Nxb2 24. Rd2 Nc4 $17) 23... Re2 24. Kf1 Rc2 {Threatens to win with ...Nd2+.} 25. Rbc1 Rxc1 26. Rxc1 a4 27. Rc2 1/2-1/2

[Event "BL 2016-17"]
[Site "Germany"]
[Date "2017.02.18"]
[Round "7"]
[White "Lampert, Jonas"]
[Black "Lindgren, Philip"]
[Result "1-0"]
[WhiteElo "2504"]
[BlackElo "2421"]
[Annotator "TA"]
[PlyCount "62"]
[EventDate "2017.??.??"]
[EventType "team-tourn"]
[EventCountry "GER"]
[SourceTitle "playchess.com"]
[Source "ChessBase"]
[SourceQuality "1"]
[WhiteTeam "Hamburger SK"]
[BlackTeam "Bayern München"]

{[%evp 16,62,14,17,30,14,18,0,27,8,10,8,8,4,9,11,17,13,23,13,15,9,37,43,87,86,80,32,83,78,81,83,83,75,72,54,56,45,108,100,92,81,247,271,430,435,447,446,448]} 1. d4 d5 2. c4 c6 3. Nf3 Nf6 4. Nbd2 Bf5 5. Nh4 Be6 6. e3 g6 7. Be2 Bg7 8. O-O O-O 9. Nhf3 {LiveBook: 13 Games} c5 10. dxc5 dxc4 11. Nxc4 {The position is equal.} Qc8 12. Nd4 Bxc4 13. Bxc4 Qxc5 14. b3 Nc6 15. Bb2 Nxd4 16. Bxd4 Qa5 17. Qf3 Rab8 (17... e5 $5 18. Bb2 $8 e4 $11) 18. Rfd1 Rfd8 19. a4 Rd7 20. Bb5 $1 Rd5 21. Rdc1 (21. Rab1 $16) 21... Rbd8 ({Black should play} 21... a6 $14) 22. Rab1 $16 Qb4 23. h3 $36 {[%mdl 2048] Black is under strong pressure.} a6 24. Bc4 Rf5 25. Bc3 Qb6 26. a5 Qc7 (26... Qa7 $14 27. Qe2 Ne4) 27. Qe2 Ne4 {[#]} 28. Be1 $1 Rc5 $2 {[#]} (28... Qb8 $16) 29. Qc2 $1 $18 Qe5 (29... Qc6 $142 30. f3 Bh6) 30. f4 Qf5 31. g4 Qc8 1-0

[Event "BL 2016-17"]
[Site "St. Veit/Glan"]
[Date "2017.03.25"]
[Round "7"]
[White "Stohl, Igor"]
[Black "Baenziger, Fabian"]
[Result "1-0"]
[WhiteElo "2504"]
[BlackElo "2341"]
[Annotator "TA"]
[PlyCount "59"]
[EventDate "2017.??.??"]
[EventType "team-tourn"]
[EventCountry "AUT"]
[SourceTitle "playchess.com"]
[Source "ChessBase"]
[SourceQuality "1"]
[WhiteTeam "Wien-SK Ottakring"]
[BlackTeam "Hohenems"]

{[%evp 30,59,81,69,75,66,80,-9,104,83,102,93,153,157,156,117,205,197,205,203,256,238,243,136,482,493,493,491,471,480,494,510]} 1. c4 Nf6 2. d4 c5 3. Nf3 cxd4 4. Nxd4 b6 5. Nc3 Bb7 6. f3 d6 7. e4 e6 8. Be2 Be7 9. O-O O-O 10. Be3 a6 11. Qd2 Nbd7 12. a4 Qc7 13. a5 {A31: Symmetrical English: 2 Nf3 Nf6 3 d4} Rab8 14. Nb3 bxa5 15. Nxa5 Ba8 16. Rfc1 {LiveBook: 46 Games} Rfe8 17. Nd1 $146 (17. Bf1 Bf8 18. Kh1 h5 19. Bf2 g6 20. b4 Kh7 {1-0 (46) Adhiban,B (2619)-Hamitevici,V (2467) Tromsoe 2014}) 17... Qd8 {[#] White should prevent ...d5.} 18. Kh1 (18. Nf2 $1 $16) 18... Nc5 (18... d5 $1 $11 19. c5 Qc7) 19. Nf2 Qb6 20. Rcb1 {Threatens to win with b4.} Qc7 (20... Qb4 $142) 21. b4 $36 {[%mdl 2048] White is in control.} Ncd7 22. Rc1 Rec8 (22... Ne5 $16 {is a better defense.}) 23. Nd3 $18 Qd8 24. Ba7 d5 25. Bxb8 dxe4 26. Ne5 (26. Bf4 $18 exd3 27. Bxd3) 26... Bxb4 $2 {[%mdl 8192] [#]} (26... Nxb8 $16 {is more resistant.} 27. Qxd8+ Bxd8) 27. Qxb4 {White is clearly winning.} Rxb8 28. Qd6 Nxe5 29. Qxe5 exf3 30. Bxf3 ({Not} 30. gxf3 Ng4 31. Qg3 Rb2 $18) 1-0

[Event "BL 2016-17"]
[Site "Germany"]
[Date "2017.02.18"]
[Round "7"]
[White "Richter, Michael"]
[Black "Saric, Ivan"]
[Result "1/2-1/2"]
[WhiteElo "2498"]
[BlackElo "2648"]
[Annotator "TA"]
[PlyCount "73"]
[EventDate "2017.??.??"]
[EventType "team-tourn"]
[EventCountry "GER"]
[SourceTitle "playchess.com"]
[Source "ChessBase"]
[SourceQuality "1"]
[WhiteTeam "König Tegel"]
[BlackTeam "Hockenheim"]

{[%evp 12,73,11,11,9,5,3,0,0,0,0,0,1,-10,-12,-18,0,-9,-10,-39,-16,-8,18,0,14,1,24,20,49,14,91,89,100,101,116,85,111,136,110,120,120,124,121,75,75,75,75,76,76,76,76,76,77,43,43,44,47,49,47,0,0,0,0,0]} 1. e4 c5 2. Nf3 e6 3. c4 {??.} Nc6 4. Nc3 Nd4 5. d3 Ne7 6. Be2 Nxf3+ 7. Bxf3 Nc6 8. O-O Be7 9. g3 O-O 10. Bg2 a6 11. Be3 Rb8 12. a4 b6 13. f4 Bb7 14. Kh1 d6 15. g4 Nb4 16. d4 cxd4 17. Bxd4 Nc6 18. Bg1 Ba8 19. b3 g5 20. Ne2 gxf4 (20... b5 $1 $11) 21. Nxf4 $16 (21. Rxf4 b5 $15) 21... Ne5 22. Nh5 Bg5 23. Ra2 Ng6 {[#]} 24. Rd2 $1 {[%mdl 512]} Qe7 {White should prevent ...Nh4.} (24... Bxd2 25. Nf6+) 25. Rxd6 Rbd8 26. Qa1 {[%csl Gh5][%cal Ra1g7]} e5 27. Rxd8 ({White should play} 27. Rxb6 {b4 is the strong threat.} Nh4 28. Qe1 (28. Rxa6 Nxg2 29. Rxa8 Rxa8 30. Kxg2 Rad8 $16)) 27... Rxd8 28. Rd1 Rxd1 29. Qxd1 Nh4 30. Ng3 ({But not} 30. Bxb6 Nxg2 31. Kxg2 Bxe4+ 32. Kf1 Qb7 $11) 30... Nxg2 31. Kxg2 Bh4 32. Kf3 {Strongly threatening Nf5.} Bxg3 $1 33. Kxg3 Bxe4 34. Bxb6 Kg7 35. Qd8 (35. Qd2 $14) 35... Qxd8 $1 $11 36. Bxd8 Bc2 37. b4 1/2-1/2

[Event "BL 2016-17"]
[Site "Germany"]
[Date "2017.02.18"]
[Round "7"]
[White "Fedorovsky, Michael"]
[Black "Bauer, Christian"]
[Result "1/2-1/2"]
[WhiteElo "2482"]
[BlackElo "2642"]
[Annotator "TA"]
[PlyCount "74"]
[EventDate "2017.??.??"]
[EventType "team-tourn"]
[EventCountry "GER"]
[SourceTitle "playchess.com"]
[Source "ChessBase"]
[SourceQuality "1"]
[WhiteTeam "Bayern München"]
[BlackTeam "Hamburger SK"]

{[%evp 20,74,23,1,47,53,57,37,60,43,58,60,58,21,53,56,66,62,74,0,0,0,6,6,6,6,4,4,30,31,33,0,35,-17,-10,-13,0,-7,0,0,0,0,0,0,0,0,0,0,0,0,0,0,0,0,0,0,0]} 1. e4 Nc6 2. Nf3 d6 3. d4 Nf6 4. Nc3 g6 5. h3 Bg7 6. Be3 O-O 7. Qd2 e5 8. dxe5 dxe5 9. Qxd8 Rxd8 10. Bc4 h6 11. O-O {LiveBook: 4 Games} Be6 (11... Ne8 $11) 12. Bxe6 $14 fxe6 13. Rfd1 {White is slightly better.} a6 14. Kf1 Ne8 15. Rxd8 Rxd8 16. Rd1 Nd6 17. Ne1 Nd4 18. f3 Rf8 19. Ne2 (19. b3 $16) 19... Nxe4 $1 $11 20. Nxd4 exd4 21. Bxd4 Ng3+ 22. Kf2 {[#] Hoping for Bxg7.} Rd8 23. Kxg3 {Black must now prevent Bxg7.} e5 24. Nd3 exd4 $14 {[%mdl 4096] Endgame KRB-KRN} 25. Re1 Kf7 26. Ne5+ ({Better is} 26. f4 $14) 26... Bxe5+ $11 {The position is equal.} 27. Rxe5 {KR-KR} b6 28. Kf2 Kf6 29. Re4 d3 30. cxd3 Rxd3 31. Ke2 Rd5 32. Rc4 c5 33. Rf4+ Ke6 34. Re4+ Kf6 35. Rf4+ Ke6 36. Re4+ Kf6 37. Rf4+ Ke5 1/2-1/2

[Event "BL 2016-17"]
[Site "Germany"]
[Date "2017.02.18"]
[Round "7"]
[White "Saltaev, Mihail"]
[Black "Michalik, Peter"]
[Result "1/2-1/2"]
[WhiteElo "2480"]
[BlackElo "2582"]
[Annotator "TA"]
[PlyCount "127"]
[EventDate "2017.??.??"]
[EventType "team-tourn"]
[EventCountry "GER"]

{[%evp 12,127,15,-9,28,-19,42,-20,0,-22,25,14,21,17,35,-4,-3,-25,-30,-25,-29,-29,-33,-30,-22,-37,-32,-68,-65,-62,-52,-68,-68,-55,-59,-53,-57,-77,-82,-107,-115,-110,-102,-121,-93,-102,-104,-124,-83,-100,-97,-98,-97,-129,-129,-183,-158,-182,-72,-73,-74,-76,-76,-76,-72,-97,-97,-93,-90,-87,-84,-93,-68,-71,-57,-59,-50,-57,-40,-40,-27,-66,-66,-63,-61,-62,-40,-40,-42,-47,-41,-41,-45,-60,-17,-17,-17,-97,0,-22,-9,-8,-8,-407,-383,-284,0,0,0,0,0,0,0,0,0,0,0,0]} 1. e4 e5 2. Nf3 Nc6 3. Bc4 {??.} Bc5 4. d3 Nf6 5. O-O d6 6. c3 a5 7. Be3 O-O 8. Nbd2 h6 (8... Bxe3 $11 9. fxe3 b6) 9. Bb5 ({White should play} 9. Bxc5 $14 dxc5 10. Re1) 9... Ba7 10. Bxc6 bxc6 11. Bxa7 Rxa7 12. d4 exd4 13. Nxd4 Qe8 14. Qf3 c5 15. Nf5 Bxf5 16. Qxf5 Qb5 17. e5 dxe5 18. Qxe5 Re8 19. c4 Qb4 $36 {[%mdl 2048] Black fights for an advantage.} ({Much worse is} 19... Rxe5 $6 20. cxb5 a4 21. Nc4 $11) 20. Qc3 Re2 {aiming for ...Qxc3.} 21. Rfd1 Qxc3 22. bxc3 Ng4 23. Nb3 Nxf2 24. Rd8+ Kh7 25. Nxc5 Ng4 26. Kh1 c6 27. h3 Nf6 28. Rc8 Rae7 29. Rxc6 Rc2 30. Nb3 a4 ({Reject} 30... Rxc3 $6 31. Nxa5 Re2 32. Rc7 $15) 31. Nd4 Rxc3 32. Nb5 Rc2 33. Nd4 (33. a3 $17) 33... Rd2 $19 34. Nf3 Rb2 (34... Rf2 $1 $19 {and Black stays clearly on top.} 35. Nd4 Re4) 35. Ra6 Ree2 36. Ne1 Rxa2 37. Rxa2 Rxa2 $17 {[%mdl 4096] Endgame KRN-KRN} 38. Nd3 Ne4 39. Ra5 Rd2 40. Ne5 f6 41. Nf3 Rd1+ 42. Kh2 Nc3 43. Ra7 Kg6 {Threatens to win with ...Kf5.} 44. g4 Rc1 45. Nd4 h5 46. Ne6 hxg4 47. hxg4 Re1 48. Nf4+ Kh6 {Hoping for ...Re4.} 49. c5 Re4 50. Kg3 Rc4 {...Ne4+ is the strong threat.} 51. Ne6 Ne4+ 52. Kf3 g6 {next ...Ng5+ is good for Black.} 53. Ra5 Nd2+ 54. Kg3 {[#]} (54. Ke3 $11 Nb3 55. Ra8) 54... Ne4+ ({Black should try} 54... Nf1+ $1 $17 55. Kf2 Nh2 56. g5+ fxg5) 55. Kf3 $1 $11 Ng5+ 56. Nxg5 Kxg5 {KR-KR} 57. c6+ $2 {[%mdl 8192] [#]} (57. Ke2 $11 {and White is okay.}) 57... Kh4 $1 $19 58. Ra6 Rc3+ $2 ({Better is} 58... a3 $19 59. Rxa3 Rxc6) 59. Ke4 $11 {The position is equal.} a3 60. Kd5 Kxg4 61. Ra4+ Kg5 62. Kd6 f5 63. c7 Rd3+ 64. Ke7 1/2-1/2

[Event "BL 2016-17"]
[Site "St. Veit/Glan"]
[Date "2017.03.25"]
[Round "7"]
[White "Georgiadis, Nico"]
[Black "Ragger, Markus"]
[Result "1/2-1/2"]
[WhiteElo "2478"]
[BlackElo "2681"]
[Annotator "TA"]
[PlyCount "46"]
[EventDate "2017.??.??"]
[EventType "team-tourn"]
[EventCountry "AUT"]
[SourceTitle "playchess.com"]
[Source "ChessBase"]
[SourceQuality "1"]
[WhiteTeam "Götzis"]
[BlackTeam "Maria Saal"]

{[%evp 7,46,31,50,-3,0,-2,0,-16,-8,-9,-8,-21,0,-19,-12,0,0,-21,0,0,0,0,-7,-12,0,0,0,0,0,0,0,0,0,0,0,0,0,0,0,0,0]} 1. d4 Nf6 2. c4 g6 3. Nc3 d5 4. Nf3 Bg7 5. h4 {D90: Grünfeld: 4 Nf3 Bg7 sidelines} ({White should play} 5. Qb3 $14) (5. cxd5 Nxd5 6. Bg5 c5 7. Rc1 Nc6 8. Nxd5 Qxd5 9. Rxc5 Qxa2 10. e3 Qxb2 11. Bc4 Qb4+ 12. Nd2 O-O 13. O-O a6 14. Bd5 {0-1 (46) Mamedyarov,S (2768)-Vachier Lagrave,M (2804) Doha 2016}) 5... dxc4 $11 {The position is equal.} 6. e4 {[%cal Be2e4,Be4e5][%mdl 32]} c5 7. d5 {[%cal Bd4d5,Bd5d6][%mdl 32]} b5 8. h5 {Threatening h6.} O-O 9. hxg6 fxg6 10. e5 Ng4 11. d6 e6 $1 12. Rxh7 Rf5 13. Rh3 $146 Nc6 (13... Bxe5 $6 14. Nxb5 (14. Nxe5 Rxe5+ 15. Be2 Qf6 $16) 14... Qa5+ 15. Nc3 Bxc3+ 16. bxc3 $16) 14. Nxb5 {aiming for Nc7.} Ngxe5 15. Nxe5 (15. Nc7 Rb8 16. Nh4 Rh5 $19) 15... Rxe5+ 16. Be3 Nd4 ({Don't play} 16... Rb8 17. Bxc4 Re4 18. Be2 Qa5+ 19. Kf1 Rxb5 20. d7 $14) 17. Bxc4 Nxb5 18. Qd3 $36 {[%mdl 2048] Black is under pressure.} Nd4 {[#] Strongly threatening ...Bb7.} 19. Qxg6 {Black must now prevent Bd3.} Qf6 $1 {[%cal Rf6g6]} 20. Qe8+ Qf8 21. Qg6 {And now Bd3 would win.} Qf6 22. Qe8+ Qf8 23. Qg6 {[#] Hoping for Bd3.} Qf6 1/2-1/2

[Event "BL 2016-17"]
[Site "Germany"]
[Date "2017.02.18"]
[Round "7"]
[White "Wirig, Anthony"]
[Black "Warmerdam, Max"]
[Result "1-0"]
[WhiteElo "2476"]
[BlackElo "2382"]
[Annotator "TA"]
[PlyCount "91"]
[EventDate "2017.??.??"]
[EventType "team-tourn"]
[EventCountry "GER"]
[SourceTitle "playchess.com"]
[Source "ChessBase"]
[SourceQuality "1"]
[WhiteTeam "Schwäbisch Hall"]
[BlackTeam "Mülheim Nord"]

{[%evp 12,91,16,10,19,-7,3,-18,1,3,10,24,45,51,68,66,66,59,77,82,93,81,95,77,139,81,100,96,110,109,109,112,115,96,112,98,124,106,141,146,130,125,116,116,118,104,141,108,177,173,251,282,289,283,280,243,260,259,256,238,258,255,413,396,602,566,560,364,391,329,330,320,402,275,724,658,1017,788,775,693,1286,989]} 1. e4 e5 2. Bc4 Nf6 3. d3 {??.} Nc6 4. Nc3 Bb4 5. Nge2 d5 6. exd5 Nxd5 7. O-O Be6 8. Bb3 Qd7 9. f4 Nxc3 10. bxc3 Bc5+ 11. Kh1 Bxb3 12. axb3 {Strongly threatening fxe5.} ({Reject} 12. cxb3 O-O-O 13. b4 Bb6 $15) 12... Bd6 13. f5 f6 14. Ng3 Qf7 15. Qf3 a6 16. Be3 Rd8 17. Ra4 Be7 {[#]} (17... a5 $142) 18. Rh4 ({White should play} 18. Rxa6 $1 {[%mdl 512]} bxa6 19. Qxc6+ Kf8 20. Qxc7) 18... Rd7 19. Ra1 Bf8 20. Ne4 Be7 21. Qh3 h6 22. Qf3 Bf8 23. Rg4 Be7 24. Bc5 Nd8 25. b4 Kf8 26. Be3 Rh7 27. h3 Qe8 28. Re1 c6 29. Bc5 Nf7 {[#]} (29... Bxc5 $16 30. Nxc5 Re7) 30. Qg3 $1 $18 Kg8 {[#]} (30... Ng5 $142 31. d4 Bxc5) 31. Bxe7 $1 Qxe7 32. Rg6 Rd6 33. Nxd6 Nxd6 34. d4 e4 ({Don't capture} 34... Nxf5 $2 35. Qg4 Nd6 36. dxe5 $18) 35. Rg4 h5 36. Rf4 Rh6 $2 {[#]} (36... h4 {is a better defense.} 37. Qg4 Qf7) 37. c4 $1 {[%mdl 512]} h4 (37... e3 $142 38. Qxe3 Qxe3 39. Rxe3 Kf7) (37... Nxc4 38. Rfxe4) 38. Qg4 {Hoping for c5.} e3 39. Qe2 Qd7 40. Qd3 Rh5 41. Qxe3 ({Resist} 41. Rxe3 Nxf5 42. Re1 Ng3+ 43. Kg1 Rh6) 41... Rxf5 42. Rxf5 Qxf5 $2 (42... Nxf5 43. Qf4 Kf7) 43. c5 {White is clearly winning.} Nb5 44. c4 Nc7 45. Qe7 Qf2 46. d5 1-0

[Event "BL 2016-17"]
[Site "Germany"]
[Date "2017.02.18"]
[Round "7"]
[White "Jarmula, Lukasz"]
[Black "Mista, Aleksander"]
[Result "1-0"]
[WhiteElo "2475"]
[BlackElo "2611"]
[Annotator "TA"]
[PlyCount "115"]
[EventDate "2017.??.??"]
[EventType "team-tourn"]
[EventCountry "GER"]
[SourceTitle "playchess.com"]
[Source "ChessBase"]
[SourceQuality "1"]
[WhiteTeam "Griesheim"]
[BlackTeam "SF Berlin"]

{[%evp 12,115,35,25,34,25,34,28,27,29,31,27,24,31,31,29,32,27,33,32,37,37,29,29,37,0,39,32,45,45,44,52,177,173,177,172,162,172,170,173,153,158,247,242,239,236,233,220,243,210,272,268,270,285,334,334,334,334,334,334,334,329,325,327,327,327,320,301,288,241,728,721,712,702,682,598,930,1195,1158,1216,1216,1218,952,240,227,227,2739,2798,2339,1738,1758,1378,29956,11617,29971,29970,29977,29979,29976,29980,29980,29976,29981,29980,29980,29978]} 1. e4 c5 2. Nf3 Nc6 3. Bb5 d6 4. O-O Bd7 5. Re1 Nf6 6. c3 a6 7. Bf1 Bg4 8. d4 cxd4 9. cxd4 d5 10. exd5 Nxd5 11. Nc3 {And now Bc4 would win.} e6 12. h3 Bxf3 13. Qxf3 Be7 14. Nxd5 Qxd5 15. Qxd5 exd5 16. Be3 O-O 17. Rac1 Rac8 18. g4 Bb4 19. Red1 f6 20. Bg2 Ne7 21. Bf4 g5 {[#]} (21... Kf7 $14) 22. Bc7 $1 $18 Kg7 23. a3 Nc6 24. Bh2 (24. axb4 $6 Rxc7 25. Bxd5 Rd8 $16) 24... Ba5 25. Bxd5 Bb6 26. Be6 $36 {[%mdl 2048] White is really pushing.} Rcd8 (26... Rce8 $16 {was worth a try.}) 27. d5 Ne5 28. Kg2 Rfe8 29. b4 Re7 30. f4 gxf4 31. Bxf4 h6 32. h4 Bc7 33. g5 hxg5 34. hxg5 Bd6 35. Rf1 Rf8 36. gxf6+ Rxf6 37. Rc8 {White threatens Rg8+ and mate.} Rg6+ 38. Kh1 Rexe6 39. dxe6 Rxe6 40. Rc2 b5 $2 (40... Rf6 41. Rd1 Rxf4) 41. Re2 Bb8 42. Rg2+ Rg6 43. Bh2 Kh6 44. Re1 Nf3 45. Re8 ({Stronger than} 45. Bxb8 Nxe1 46. Rh2+ Kg5 $11) 45... Bxh2 46. Rxg6+ ({Inferior is} 46. Rxh2+ Nxh2 47. Kxh2 Kg7 $11) 46... Kxg6 47. Kg2 Nd4 48. Kxh2 {[%mdl 4096] Endgame KR-KN} Kf5 $2 (48... Nc2 49. Re6+ Kf5 50. Rxa6 Ke4) 49. Ra8 Ke4 50. Rxa6 Kd3 51. Kg3 Kc4 {[#]} 52. Kf4 $1 Kb3 53. Ke5 {White mates.} Nc2 54. Kd5 Nxa3 55. Kc5 Nc2 56. Rb6 ({Weaker is} 56. Kxb5 Nxb4 57. Re6 Kc3 $14) 56... Ne1 57. Kxb5 Nd3 58. Rh6 1-0

[Event "BL 2016-17"]
[Site "St. Veit/Glan"]
[Date "2017.03.25"]
[Round "7"]
[White "Schreiner, Peter"]
[Black "Kranzl, Peter"]
[Result "1/2-1/2"]
[WhiteElo "2473"]
[BlackElo "2168"]
[Annotator "TA"]
[PlyCount "64"]
[EventDate "2017.??.??"]
[EventType "team-tourn"]
[EventCountry "AUT"]
[SourceTitle "playchess.com"]
[Source "ChessBase"]
[SourceQuality "1"]
[WhiteTeam "Feffernitz"]
[BlackTeam "St. Valentin"]

{[%evp 15,64,46,62,57,65,59,60,48,48,49,57,44,52,35,42,14,58,18,93,75,96,36,166,153,167,161,171,52,51,47,184,143,142,122,236,54,51,22,37,25,38,13,16,9,19,8,12,0,0,-56,-43]} 1. c4 Nf6 2. Nc3 g6 3. d4 {[%cal Bd2d4,Bd4d5][%mdl 32]} Bg7 4. e4 d6 5. Be2 O-O 6. Be3 c6 7. Nf3 e5 8. d5 Na6 9. Nd2 {E92: King's Indian: Classical: 6 Be2 e5: 7 dxe5, 7 Be3 and Petrosian System without 7...Nbd7} Ne8 (9... Nc5 10. b4 Ncd7 11. O-O c5 12. a3 Ne8 13. bxc5 Nxc5 14. Nb3 b6 15. Nxc5 dxc5 16. a4 Nd6 {½-½ (41) Zhou,J (2630)-Mamedov,R (2678) Atlantic City 2016}) 10. O-O f5 11. exf5 {White is slightly better.} gxf5 {White must now prevent ...f4.} 12. f4 c5 $146 (12... e4 13. dxc6 bxc6 14. Nb3 Rf6 15. Qd2 {1-0 (15) De la Fuente Gonzalez,F (2130)-Perez Tores,J ICCF email 2013}) 13. a3 b6 14. Rb1 Bd7 15. Qc2 Kh8 16. Kh1 Qe7 (16... e4 $11 {remains equal.}) 17. Rbe1 $36 {[%mdl 2048] White is on the roll.} Nac7 18. b4 (18. fxe5 $16 {Strongly threatening e6.} dxe5 19. g3) 18... exf4 ({Black should play} 18... Na6 $14) 19. Bxf4 $18 Qf6 {[#]} 20. Rf3 $1 Rf7 21. Rg3 (21. Ref1 $18) 21... Bh6 $1 $14 {[%cal Rh6f4]} 22. Rf1 {And now Nce4! would win.} Ng7 (22... Bxf4 $14 23. Rxf4 Qh6) 23. Rh3 Bxf4 24. Rxf4 Rg8 (24... Re7 $16 25. Rfh4 h5) 25. Nde4 $2 (25. bxc5 $18 {Threatens to win with Nce4.} dxc5 {[#]} 26. Nce4 $1 {[%mdl 512]} Qa1+ 27. Rf1 Qxf1+ 28. Nxf1 fxe4 29. Rh4 (29. Qxe4 Bxh3 30. gxh3 Nce8 $16)) 25... Qe7 26. Ng3 (26. Nf2 $5 {creates asymmetry.} Nge8 27. Qc1 Nf6 28. Re3 Qd8 29. g3) 26... Nce8 $1 {[%cal Bc7e8,Be8f6,Bf6g4][%mdl 32]} 27. Nf1 (27. Bd3 $5 {looks sharper.} Nf6 28. Nce2 Re8 29. Qb1 Qe5 30. Rf1) 27... Nf6 28. Re3 Qd8 29. Ng3 Re7 30. Rxe7 Qxe7 31. Rf1 Qe5 32. Bd3 ({Better is} 32. bxc5 $11 bxc5 33. Qd2) 32... Ng4 1/2-1/2

[Event "BL 2016-17"]
[Site "Germany"]
[Date "2017.02.18"]
[Round "7"]
[White "Fish, Gennadij"]
[Black "Eichler, Christoph"]
[Result "1/2-1/2"]
[WhiteElo "2465"]
[BlackElo "2290"]
[Annotator "TA"]
[PlyCount "63"]
[EventDate "2017.??.??"]
[EventType "team-tourn"]
[EventCountry "GER"]
[SourceTitle "playchess.com"]
[Source "ChessBase"]
[SourceQuality "1"]
[WhiteTeam "Werder Bremen"]
[BlackTeam "Zugzwang München"]

{[%evp 17,63,-4,-2,-14,-11,-10,-8,-8,-8,-12,-8,-15,-11,-7,-7,-25,-22,-10,-10,-52,-10,-25,-25,-25,-12,-22,0,0,0,-30,-12,-14,0,-19,-17,-24,-14,-8,-2,-2,-2,-2,-2,-2,-2,-2,-2,-2]} 1. d4 d5 2. c4 e6 3. Nc3 Nf6 4. Bg5 Be7 5. cxd5 Nxd5 6. Bxe7 Qxe7 7. Nf3 O-O 8. e4 Nxc3 9. bxc3 c5 {LiveBook: 7 Games} 10. Qd2 b6 11. Bd3 Nc6 12. O-O cxd4 13. cxd4 Rd8 14. Bb5 Bb7 15. Rac1 Rac8 16. Bxc6 Rxc6 17. Rxc6 Bxc6 18. Re1 Qd6 19. Qe3 Bb7 20. Rc1 h6 21. h3 Kf8 22. Rc4 Kg8 23. h4 Bc6 24. Rc3 Bb7 25. h5 Qb4 26. Kh2 {[#]} Bxe4 $1 {[%mdl 512]} 27. Ne5 $1 {The position is equal.} (27. Qxe4 Qxc3) 27... Qxd4 28. Qxd4 Rxd4 29. Rc8+ Kh7 {Strongly threatening ...Rd5.} 30. Nxf7 {[%csl Gf7][%cal Rc8h8]} g6 31. Rc7 gxh5 32. Ng5+ ({Much weaker is} 32. Rxa7 Kg6 $17) 1/2-1/2

[Event "BL 2016-17"]
[Site "Germany"]
[Date "2017.02.18"]
[Round "7"]
[White "Schenk, Andreas"]
[Black "Kollars, Dmitrij"]
[Result "1/2-1/2"]
[WhiteElo "2457"]
[BlackElo "2507"]
[Annotator "TA"]
[PlyCount "55"]
[EventDate "2017.??.??"]
[EventType "team-tourn"]
[EventCountry "GER"]
[SourceTitle "playchess.com"]
[Source "ChessBase"]
[SourceQuality "1"]
[WhiteTeam "Bayern München"]
[BlackTeam "Hamburger SK"]

{[%evp 12,55,42,23,48,50,51,60,70,73,55,64,93,77,95,89,95,81,77,77,79,81,61,20,49,44,46,46,46,46,81,13,29,11,4,9,8,16,16,23,57,-6,105,98,98,96]} 1. d4 Nf6 2. c4 g6 3. Nc3 {??.} Bg7 4. e4 d6 5. Nf3 O-O 6. Be2 e5 7. Be3 c6 8. d5 Na6 9. O-O Ng4 10. Bg5 f6 11. Bh4 c5 12. Ne1 h5 13. h3 Nh6 14. Nd3 Bd7 15. a3 Qe7 16. b4 b6 17. bxc5 bxc5 ({Of course not} 17... dxc5 18. f4 exf4 19. Nxf4 $16) 18. Rb1 g5 19. Bg3 ({Weaker is} 19. Bxh5 gxh4 20. Bg6 Rab8 $17) 19... h4 20. Bh2 f5 21. f3 (21. exf5 $16 Bxf5 22. f3) 21... g4 $11 22. fxg4 fxg4 23. Rxf8+ Rxf8 24. hxg4 {Strongly threatening Rb7.} Qg5 $1 {[%cal Rh6g4]} 25. Qc1 $36 {[%mdl 2048] White is more active.} Qg6 26. Nf2 (26. g5 $14 Nf7 27. Qe1) 26... Bf6 (26... Nxg4 $11 {remains equal.} 27. Bxg4 Bxg4 28. Nxg4 Qxg4) 27. Qd1 $16 Bg5 {[#]} 28. Qd3 $1 1/2-1/2